000 00653cam a22002413a 4500
001 579
003 PGUSA
005 20140828082950.0
008 960701s1996||||xxu|||||s|||||000 p eng d
040 _aPGUSA
_beng
042 _adc
050 4 _aPS
100 1 _aLanier, Sidney,
_d1842-1881
245 1 4 _aThe Poems of Sidney Lanier
_h[electronic resource] /
_cSidney Lanier
260 _bProject Gutenberg,
_c1996
506 _aPublic domain in the USA.
516 _aElectronic text
653 _aPastoral poetry
653 _aAmerican poetry
830 0 _aProject Gutenberg
_v579
856 4 0 _uhttp://www.gutenberg.org/ebooks/579
942 _cEB
999 _c229930
_d229930